| 000 | 00403nam a2200169Ia 4500 | ||
|---|---|---|---|
| 003 | LK-CoDNM | ||
| 005 | 20241204115822.0 | ||
| 008 | 010623t xxu||||| |||| 00| 1 sin d | ||
| 040 |
_aLK-CoDNM _dLK-CoDNM _eLK-CoDNM |
||
| 041 | _asin | ||
| 080 |
_a294.3 _bBOX |
||
| 100 | _aNanda Thero,Payagala. | ||
| 245 | _aඅනුමෝදනා | ||
| 246 | _aAnumoodana | ||
| 300 | _b32p. ; 21 cm | ||
| 942 | _cBK | ||
| 999 |
_c137063 _d137063 |
||